| 000 | 00504nam a22001937a 4500 | ||
|---|---|---|---|
| 003 | 0 | ||
| 005 | 20230925082948.0 | ||
| 008 | 230925b xxu||||| |||| 00| 0 eng d | ||
| 020 | _a978-1-911077-03-9 | ||
| 050 |
_aPZ 7 _b.D37 2017 |
||
| 100 | _aDashner, James | ||
| 245 |
_aThe fever code _cJames Dashner |
||
| 260 |
_aUnited Kingdom _bChicken House _cc2017. |
||
| 300 |
_a329 pages ; _c20cm. |
||
| 440 | _aThe maze runner series | ||
| 500 | _aFiction. | ||
| 650 | _aFiction. | ||
| 942 |
_2lcc _cBK |
||
| 999 |
_c365372 _d365372 |
||